000 02296nam a22003497a 4500
001 42835
003 gtgccic
005 20251114130542.0
007 ta
008 251114b gt ||||| |||| 00| 0 spa d
040 _agtgccic
_bspa
_cgtgccic
_erda
084 _0TPI-17-0118
100 1 0 _aFélix Alan Dougas Aguilar Carrrera
_dMaestro en Ingeniería Sanitaria
_eautor
245 1 0 _aAnálisis del proceso de fitorremediación con algas clorofitas en las estaciones depuradoras de agua residual,
_bpara mitigar los efectos de eutrofización de los cuerpos receptores /
_cAguilar Carrera, Félix Alan Douglas
264 1 _aGuatemala, Guatemala :
_bUSAC, Facultad de Ingeniería ;
_c2017.-
300 _aL, 235 p. :
_bil. ;
_c27 cm
336 _2rdacontenido
_aTexto
_btxt
337 _2rdamedio
_asin mediación
_bn
338 _2rdasoporte
_avolumen
_bnc
502 _aTesis Postgrado
_bDOCTOR EN CAMBIO CLIMÁTICO Y SOSTENIBILIDAD
_cUSAC, Facultad de Ingeniería, Escuela de Postgrado
_d2017
_oTPI-17-0118
504 _aBibliografía pag. 195
505 _t1. MARCO TEÓRICO (características del agua residual)
505 _t2. MATERIALES Y MÉTODOS
505 _t3. PRESENTACIÓN DE RESULTADOS
505 _t4. DISCUSIÓN DE RESULTADOS
520 3 _aLa eutrofización de los recursos hídricos es un problema ambiental y social que ha adquirido importancia por los efectos que esta tiene en los cuerpos hídricos y el entorno del mismo. Estos procesos de eutrofización de los recursos hídricos no son nuevos, ya que desde el año 2001, el Comité del Medio Ambiente Lacustre Internacional (ILEC) ya señalaba como uno de los problemas principales en los lagos de la eutrofización causada por el ingreso de nutrientes de las aguas residuales que eran vertidas a estos cuerpos de agua, provenientes de industrias, viviendas y carreteras. La eutrofización reduce la penetración de la luz en la profundidad de los cuerpos de agua, lo que genera condiciones propias para el desarrollo de cianobacterias que incrementan la reducción de luz e incluso pueden llegar a generar toxinas dañinas para los consumidores del recurso hídrico.
650 _aALGAS
650 _aAGUAS RESIDUALES
700 _aDr. Tomas Antonio Padilla Cámbara
_easesor
942 _2ddc
_cTPS
945 _aamlo
999 _c2532
_d2532